000 00387nam a2200133Ia 4500
005 20260326100046.0
008 260326s9999||||xx |||||||||||||| ||und||
100 _aDe Garay A., Graciela
245 0 _aLa Obra de Carlos Obregón Santacilia :
_b Arquitecto /
_cGraciela De Garay A.
260 _bInstituto Nacional de Bellas Artes
300 _a120 p.
650 _aARQUITECTOS
942 _cBK
999 _c7210
_d7210